Kliknij ćwierćfinalistę Mistrzostw Świata 2022 - Statystyki

Ogólne statystyki
  • Ten quiz został rozwiązany 3 067 razy
  • Średni wynik to 9 z 16
Statystyki odpowiedzi
Hint Odpowiedź % Poprawnych
Miejsce urodzenia papieża Franciszka Argentyna
82%
Zdobył więcej Mistrzostw Świata niż
jakiekolwiek inne państwo
Brazylia
78%
Ma flagę, która jest tylko czerwono-biała Anglia
74%
Znajduje się na równiku Brazylia
67%
Znajduje się w Maghrebie Maroko
67%
Dotyka Morza Adriatyckiego Chorwacja
66%
Większość energii elektrycznej pochodzi
z energii jądrowej
Francja
63%
Pierwsze państwo , który zalegalizowało
małżeństwa osób tej samej płci
Holandia
56%
Najmniej zaludnione państwo w tym quizie Chorwacja
51%
Skąd pochodzi ser gouda Holandia
51%
Znajduje się tu najwyższa góra poza Azją Argentyna
46%
Ma 12 stref czasowych, więcej niż
jakiekolwiek inne państwo
Francja
46%
Był domem księcia Henryka Żeglarza Portugalia
40%
Znane z kazby Maroko
38%
Nie jest członkiem ONZ Anglia
33%
Wiodący na świecie producent korków Portugalia
22%
Nie znaleziono quizów pasujących do podanych kryteriów
Rozkład punktacji
Procent ludzi z każdym wynikiem
Percentyl według liczby udzielonych odpowiedzi
Twoja historia wyników
Nie rozwiązałeś tego quizu